Specifics of a business-sport unit: Sources, flows, processes and opportunities

Možnosti potenciálneho financovania, zlepšenie interných procesov a analýza výdavkov športového klubu s obchodnými aktivitami. Všeobecné štruktúry peňažných tokov v športovom podnikateľskom subjekte. Príležitosti športovej jednotky vykonávajúcej podnikateľskú činnosť v rámci súťaže na trhu.

Salvato in:
Dettagli Bibliografici
Autore principale: Dubcová, Gabriela, 1968-
Altri autori: Adamek, Gabriel, Wallner, Jozef
Natura: Capitolo di libro
Lingua:inglese
Soggetti:
Tags: Aggiungi Tag
Nessun Tag, puoi essere il primo ad aggiungerne!!

MARC

LEADER 00000nla a2200000 4500
001 0238614
005 20240502073848.7
041 0 |a eng 
044 |a SK 
245 1 0 |a Specifics of a business-sport unit: Sources, flows, processes and opportunities  |c Gabriela Dubcová, Gabriel Adamek, Jozef Wallner 
520 |a Možnosti potenciálneho financovania, zlepšenie interných procesov a analýza výdavkov športového klubu s obchodnými aktivitami. Všeobecné štruktúry peňažných tokov v športovom podnikateľskom subjekte. Príležitosti športovej jednotky vykonávajúcej podnikateľskú činnosť v rámci súťaže na trhu. 
610 2 0 |a riadenie vnútropodnikové 
610 2 0 |a šport 
610 2 0 |a jednotka podnikateľská 
610 2 0 |a dotácie 
610 2 0 |a mikroekonomika 
100 1 |a Dubcová, Gabriela, 1968- 
700 1 |a Adamek, Gabriel 
700 1 |a Wallner, Jozef